Music Quiz

Random Music or Lyrics Quiz

Cover the Alphabet - Bohemian Rhapsody Lyrics Quiz Stats

 Plays Quiz Updated Jul 7, 2019

Score 0/48 Timer 01:30
79 Plays Today
% Correct
A - aching...
98.8%
A - aching...
98.8%
I - aching...
98.3%
I - aching...
98.3%
E - easy...
98.1%
E - easy...
98.1%
T - thunderbolt...
97.3%
T - thunderbolt...
97.3%
O - open...
97.2%
O - open...
97.2%
L - lightning...
97%
L - lightning...
97%
N - aching...
97%
N - aching...
97%
M - magnifico...
96.7%
M - magnifico...
96.7%
S - Scaramouch...
95.7%
S - Scaramouch...
95.7%
D - die...
95.3%
D - die...
95.3%
G - Galileo...
94.8%
G - Galileo...
94.8%
R - reality...
94.7%
R - reality...
94.7%
% Correct
U - up...
94.4%
U - up...
94.4%
H - high...
93.1%
H - high...
93.1%
Y - you...
92.7%
Y - you...
92.7%
F - Fandango...
92.2%
F - Fandango...
92.2%
B - Beelzebub...
89.8%
B - Beelzebub...
89.8%
C - caught...
84.4%
C - caught...
84.4%
P - poor...
83.6%
P - poor...
83.6%
J - just
79.6%
J - just
79.6%
W - wind...
78.6%
W - wind...
78.6%
K - killed...
75.2%
K - killed...
75.2%
V - very...
68.6%
V - very...
68.6%
Z - Beelzebub
38.3%
Z - Beelzebub
38.3%

You're not logged in!

Compare scores with friends on all Sporcle quizzes.
OR
Log In

Sporcle TV

Today on Sporcle TV


Watch our educational content, quiz creation guides, and fun videos on Sporcle TV.

Show Comments

Extras

Top Quizzes Today


Score Distribution

Your Account Isn't Verified!

In order to create a playlist on Sporcle, you need to verify the email address you used during registration. Go to your Sporcle Settings to finish the process.

Report this User

Report this user for behavior that violates our Community Guidelines.

Details: